Country and Capital Neighbour Connect with Disappearing World Map: Furthest from Greenwich Meridian - Statistics

General Stats
  • This quiz has been taken 114 times
  • The average score is 230 of 392
Answers on the Map
Answers color-coded by a green-red scale on the quiz's map according to % correct below.
 
Answer Stats
Hint Hint Country/Capital % Correct
798.1 328.7 Nukuʻalofa
100%
798.1 328.7 Tonga
94%
782.9 320.1 Fiji
84%
782.9 320.1 Suva
84%
802.8 307.7 Apia
81%
802.8 307.7 Samoa
81%
742.1 295 Honiara
78%
635.5 264 Indonesia
78%
610.3 247.2 Malaysia
78%
703.7 282.4 Papua New Guinea
78%
755.5 318.6 Port Vila
78%
742.1 295 Solomon Islands
78%
755.5 318.6 Vanuatu
78%
638.6 246.1 Bandar Seri Begawan
75%
638.6 246.1 Brunei
75%
664.3 290.8 Dili
75%
664.3 290.8 East Timor
75%
804.5 282.8 Funafuti
75%
635.5 264 Jakarta
75%
610.3 247.2 Kuala Lumpur
75%
703.7 282.4 Port Moresby
75%
804.5 282.8 Tuvalu
75%
502 182.5 Abu Dhabi
72%
470 234.2 Addis Ababa
72%
528 149.2 Afghanistan
72%
384.2 167.2 Algeria
72%
462.3 158.9 Amman
72%
420 301.2 Angola
72%
513 130.6 Ashgabat
72%
466.3 209.2 Asmara
72%
533 100 Astana
72%
478.8 149.9 Baghdad
72%
487.6 125 Baku
72%
377 202.2 Bamako
72%
608 207.9 Bangkok
72%
583 181.8 Bangladesh
72%
427.6 239 Bangui
72%
344 216 Banjul
72%
615 140.9 Beijing
72%
461.7 146.8 Beirut
72%
180.9 203.6 Belize
72%
180.9 203.6 Belmopan
72%
584.1 169.4 Bhutan
72%
548 122 Bishkek
72%
347.7 220.3 Bissau
72%
216.3 247.5 Bogotá
72%
435 336.1 Botswana
72%
416.9 260.5 Brazzaville
72%
447.8 272.6 Bujumbura
72%
447.8 272.6 Burundi
72%
447 171.3 Cairo
72%
616 219.1 Cambodia
72%
407 247 Cameroon
72%
143 66 Canada
72%
427.6 239 Central African Republic
72%
422.6 209.4 Chad
72%
615 140.9 China
72%
216.3 247.5 Colombia
72%
353.3 224.2 Conakry
72%
368 235.9 Cote d'Ivoire
72%
347 212 Dakar
72%
467 143 Damascus
72%
433 267.2 Democratic Republic of the Congo
72%
583 181.8 Dhaka
72%
476.4 221.6 Djibouti
72%
476.4 221.6 Djibouti (cap)
72%
459.1 282.5 Dodoma
72%
495.7 176.2 Doha
72%
545.2 133.5 Dushanbe
72%
447 171.3 Egypt
72%
180.4 215 El Salvador
72%
404 255.8 Equatorial Guinea
72%
466.3 209.2 Eritrea
72%
470 234.2 Ethiopia
72%
386 105 France
72%
354 232.9 Freetown
72%
406.5 264 Gabon
72%
435 336.1 Gaborone
72%
344 216 Gambia
72%
177.4 210 Guatemala
72%
177.4 210 Guatemala City
72%
353.3 224.2 Guinea
72%
347.7 220.3 Guinea-Bissau
72%
248 242 Guyana
72%
624.3 219.9 Hanoi
72%
447 325 Harare
72%
184.5 210.7 Honduras
72%
556 185.9 India
72%
501.3 152.5 Iran
72%
478.8 149.9 Iraq
72%
535.7 164.2 Islamabad
72%
459 157 Israel
72%
459 157 Jerusalem
72%
462.3 158.9 Jordan
72%
449.6 239.5 Juba
72%
528 149.2 Kabul
72%
453.1 256.6 Kampala
72%
569.8 166.5 Kathmandu
72%
533 100 Kazakhstan
72%
465.8 259.9 Kenya
72%
448.5 209.5 Khartoum
72%
447.8 267.7 Kigali
72%
433 267.2 Kinshasa
72%
487 162.9 Kuwait
72%
487 162.9 Kuwait City
72%
548 122 Kyrgyzstan
72%
610.3 194.9 Laos
72%
461.7 146.8 Lebanon
72%
444 360.5 Lesotho
72%
359.2 239.6 Liberia
72%
406.5 264 Libreville
72%
419.3 172.9 Libya
72%
456 307 Lilongwe
72%
361.7 127.6 Lisbon
72%
420 301.2 Luanda
72%
438 310 Lusaka
72%
372 127.5 Madrid
72%
404 255.8 Malabo
72%
456 307 Malawi
72%
467 309.5 Maputo
72%
444 360.5 Maseru
72%
354 195.5 Mauritania
72%
451.3 350.1 Mbabane
72%
151 182 Mexico
72%
151 182 Mexico City
72%
488 230 Mogadishu
72%
614.2 104.1 Mongolia
72%
359.2 239.6 Monrovia
72%
366 153.5 Morocco
72%
577 52 Moscow
72%
467 309.5 Mozambique
72%
509.33 187.2 Muscat
72%
597 188.5 Myanmar
72%
465.8 259.9 Nairobi
72%
418 328 Namibia
72%
597 188.5 Naypyidaw
72%
422.6 209.4 N'Djamena
72%
569.8 166.5 Nepal
72%
556 185.9 New Delhi
72%
188.2 218.1 Nicaragua
72%
403.3 203.9 Niger
72%
398 230.8 Nigeria
72%
665.7 127 North Korea
72%
354 195.5 Nouakchott
72%
509.33 187.2 Oman
72%
143 66 Ottawa
72%
535.7 164.2 Pakistan
72%
198 232.5 Panama
72%
198 232.5 Panama City
72%
616 219.1 Phnom Penh
72%
361.7 127.6 Portugal
72%
431 365 Pretoria
72%
665.7 127 Pyongyang
72%
495.7 176.2 Qatar
72%
366 153.5 Rabat
72%
416.9 260.5 Republic of the Congo
72%
482.1 179.9 Riyadh
72%
577 52 Russia
72%
447.8 267.7 Rwanda
72%
488.3 208.2 Sana'a
72%
180.4 215 San Salvador
72%
482.1 179.9 Saudi Arabia
72%
347 212 Senegal
72%
669 139 Seoul
72%
354 232.9 Sierra Leone
72%
488 230 Somalia
72%
431 365 South Africa
72%
669 139 South Korea
72%
449.6 239.5 South Sudan
72%
372 127.5 Spain
72%
448.5 209.5 Sudan
72%
254.4 248.1 Suriname
72%
451.3 350.1 Swaziland
72%
467 143 Syria
72%
545.2 133.5 Tajikistan
72%
459.1 282.5 Tanzania
72%
525 122.5 Tashkent
72%
184.5 210.7 Tegucigalpa
72%
501.3 152.5 Tehran
72%
608 207.9 Thailand
72%
584.1 169.4 Thimphu
72%
419.3 172.9 Tripoli
72%
401 148 Tunis
72%
401 148 Tunisia
72%
513 130.6 Turkmenistan
72%
453.1 256.6 Uganda
72%
614.2 104.1 Ulaanbaatar
72%
502 182.5 United Arab Emirates
72%
153 129 United States
72%
525 122.5 Uzbekistan
72%
232 235 Venezuela
72%
610.3 194.9 Vientiane
72%
624.3 219.9 Vietnam
72%
153 129 Washington D.C.
72%
418 328 Windhoek
72%
407 247 Yaoundé
72%
488.3 208.2 Yemen
72%
438 310 Zambia
72%
447 325 Zimbabwe
72%
234 373 Argentina
69%
236 319 Bolivia
69%
192 228 Costa Rica
69%
204 265.5 Ecuador
69%
236 319 La Paz
69%
208 292 Lima
69%
188.2 218.1 Managua
69%
208 292 Peru
69%
204 265.5 Quito
69%
192 228 San José
69%
248.9 339.7 Asunción
66%
266 294 Brasília
66%
266 294 Brazil
66%
234 373 Buenos Aires
66%
232 235 Caracas
66%
218 384 Chile
66%
248 242 Georgetown
66%
254.9 370.2 Montevideo
66%
248.9 339.7 Paraguay
66%
254.4 248.1 Paramaribo
66%
218 384 Santiago
66%
254.9 370.2 Uruguay
66%
424.4 103.1 Hungary
63%
386 105 Paris
63%
416.4 124.2 Rome
63%
450.6 96 Ukraine
63%
414.2 100.9 Vienna
63%
444.4 102 Chișinău
59%
450.6 96 Kiev
59%
444.4 102 Moldova
59%
425.5 124 Albania
56%
460.3 130.6 Ankara
56%
480.5 125 Armenia
56%
430 129 Athens
56%
487.6 125 Azerbaijan
56%
443.4 81.2 Belarus
56%
427.6 113 Belgrade
56%
421 113 Bosnia and Herzegovina
56%
423 98 Bratislava
56%
436.7 107.1 Bucharest
56%
424.4 103.1 Budapest
56%
437.8 117.9 Bulgaria
56%
418 108 Croatia
56%
439 64.8 Estonia
56%
479 120 Georgia
56%
430 129 Greece
56%
427.5 118.5 Kosovo
56%
438 70.6 Latvia
56%
434.3 76.3 Lithuania
56%
429.5 121.7 Macedonia
56%
443.4 81.2 Minsk
56%
423.7 117.8 Montenegro
56%
423.7 117.8 Podgorica
56%
423.6 87.1 Poland
56%
427.5 118.5 Pristina
56%
438 70.6 Riga
56%
436.7 107.1 Romania
56%
421 113 Sarajevo
56%
427.6 113 Serbia
56%
429.5 121.7 Skopje
56%
423 98 Slovakia
56%
437.8 117.9 Sofia
56%
439 64.8 Tallinn
56%
479 120 Tbilisi
56%
425.5 124 Tirana
56%
460.3 130.6 Turkey
56%
434.3 76.3 Vilnius
56%
423.6 87.1 Warsaw
56%
480.5 125 Yerevan
56%
384 118.7 Andorra
53%
384 118.7 Andorra la Vella
53%
414.2 100.9 Austria
53%
404 89.9 Berlin
53%
398.4 103.5 Bern
53%
414 93.8 Czech Republic
53%
404 89.9 Germany
53%
416.4 124.2 Italy
53%
402 103.1 Liechtenstein
53%
413 106.5 Ljubljana
53%
408.5 113.9 San Marino
53%
408.5 113.9 San Marino (cap)
53%
413 106.5 Slovenia
53%
398.4 103.5 Switzerland
53%
402 103.1 Vaduz
53%
408.5 120.7 Vatican City
53%
408.5 120.7 Vatican City (cap)
53%
418 108 Zagreb
53%
384.2 167.2 Algiers
50%
393 86.9 Amsterdam
50%
391 91 Belgium
50%
391 91 Brussels
50%
377 219 Burkina Faso
50%
401.5 73.5 Copenhagen
50%
401.5 73.5 Denmark
50%
394.3 94.2 Luxembourg
50%
394.3 94.2 Luxembourg (cap)
50%
377 202.2 Mali
50%
397.2 114.5 Monaco
50%
397.2 114.5 Monaco (cap)
50%
393 86.9 Netherlands
50%
414 93.8 Prague
50%
368 235.9 Yamoussoukro
50%
398 230.8 Abuja
47%
378.2 234.5 Accra
47%
385.7 225 Benin
47%
378.2 234.5 Ghana
47%
383 232.4 Lomé
47%
403.3 203.9 Niamey
47%
377 219 Ouagadougou
47%
385.7 225 Porto-Novo
47%
383 232.4 Togo
47%
363 82.5 Dublin
44%
363 82.5 Ireland
44%
377 86 London
44%
377 86 United Kingdom
44%
437 52 Finland
41%
437 52 Helsinki
41%
401.7 57 Norway
41%
401.7 57 Oslo
41%
414.3 60.5 Stockholm
41%
414.3 60.5 Sweden
41%
21 272 Kiribati
38%
21 272 South Tarawa
38%
206 190.2 Cuba
34%
717.7 235.2 Federated States of Micronesia
34%
760.6 232.2 Majuro
34%
760.6 232.2 Marshall Islands
34%
756.2 263.4 Nauru
34%
680.5 241.3 Ngerulmud
34%
680.5 241.3 Palau
34%
717.7 235.2 Palikir
34%
614.2 256.7 Singapore
34%
614.2 256.7 Singapore (cap)
34%
756.2 263.4 Yaren
34%
683 342 Australia
31%
683 342 Canberra
31%
206 190.2 Havana
31%
545.9 248.9 Maldives
31%
545.9 248.9 Malé
31%
657 220.6 Manila
31%
657 220.6 Philippines
31%
562 235.3 Sri Jayawardenepura Kotte
31%
562 235.3 Sri Lanka
31%
652.9 182.1 Taipei
31%
652.9 182.1 Taiwan
31%
209 180.9 Bahamas
28%
221 197 Dominican Republic
28%
218 196 Haiti
28%
206 200.2 Jamaica
28%
693.3 140 Japan
28%
206 200.2 Kingston
28%
209 180.9 Nassau
28%
218 196 Port-au-Prince
28%
221 197 Santo Domingo
28%
693.3 140 Tokyo
28%
239.4 203.4 Basseterre
25%
243.2 214.6 Castries
25%
241.6 220.6 Grenada
25%
242.7 216.8 Kingstown
25%
242.5 226.6 Port-of-Spain
25%
241.6 220.6 Saint George's
25%
239.4 203.4 Saint Kitts and Nevis
25%
243.2 214.6 Saint Lucia
25%
242.7 216.8 Saint Vincent and the Grenadines
25%
242.5 226.6 Trinidad and Tobago
25%
241.4 204 Antigua and Barbuda
22%
246.5 217 Barbados
22%
246.5 217 Bridgetown
22%
242.4 209.5 Dominica
22%
242.4 209.5 Roseau
22%
241.4 204 Saint John's
22%
505.5 277 Seychelles
22%
505.5 277 Victoria
22%
494.3 174 Bahrain
19%
494.3 174 Manama
19%
776.7 391.9 New Zealand
19%
776.7 391.9 Wellington
19%
486 324.3 Antananarivo
16%
326.7 206.9 Cape Verde
16%
479.4 301.4 Comoros
16%
455.3 143.7 Cyprus
16%
341 43 Iceland
16%
486 324.3 Madagascar
16%
412.9 141.1 Malta
16%
510.1 329.1 Mauritius
16%
479.4 301.4 Moroni
16%
455.3 143.7 Nicosia
16%
510.1 329.1 Port Louis
16%
326.7 206.9 Praia
16%
341 43 Reykjavík
16%
395.5 260.6 São Tomé
16%
412.9 141.1 Valletta
16%
395.5 260.6 São Tomé and Príncipe
13%
No matching quizzes found
Score Distribution
Percent of People with Each Score
Percentile by Number Answered
Your Score History
You have not taken this quiz